01425 a2200205 45000010003000000050017000030080041000200030015000610400040000760800073001162450040001890200022002292500011002512640034002623000018002965050724003141000031010387000020010698560130010897820260407155407.0260407a2007 arg spa dAR-UNSa-BCEJYS aAR-UNSa-BCEJYSbspacAR-UNSa-BCEJYS a657.3xPresupuestos. Cierre de Cuentas. Balances (Estados Contables)10aPresentación de estados contables a978-987-01-0662-3 a1a. ed 1aBuenos Aires :bErreparc2007 a166 p.c27 cm a1. Normas contables - 2. Normas generales de exposición contable. Resolución técnica Nº 8 - 3. Normas particulares de exposición contable para entes comerciales, industriales y de servicio. Resolución técnica Nº 9 - 4. Normas particulares de exposición contable para entes sin fines de lucro. Resolución técnica Nº 11 - 5. Normas particulares de exposición contable para entes cooperativos. Resolución técnica Nº 24 - 6. Las Normas internacionales de contabilidad - 7. El estado de flujo de efectivo - 8. Información comparativa - 9. Información por segmentos - 10. Análisis de estados contables - 11. La resolución 6/2006 de la IGI y la memoria anual El estado de flujo de efectivo 1 aPaulone, Héctor Mauricio1 aVeiras, Alberto41uhttps://biblioeco.unsa.edu.ar/pmb/images/libros/Presentacion de estados contables2-l117372.jpgyImagen de portadaqimage/jpeg